000 00721nam a2200241Ia 4500
003 OSt
005 20220918205803.0
006 a|||||r|||| 00| 0
007 ta
008 220917b |||||||| |||| 00| 0 eng d
024 _a117,918
037 _cTextual
040 _aARTS
_cARTS
_beng
041 _2eng
_aeng
082 _aV677:194653.N82-N55, M3
100 _aJackson Elmore
_9116173
245 0 _aMiddle East mission
_b The story of a major bid for peace in the time of Nasser and Ben Gurion
260 _aNew Delhi
_bW W Norton India
_c1983
300 _a124p.
_ccm.
650 _aHISTORY
942 _hV677:194653.N82-N55, M3
_cTEXL
_2CC
999 _c241195
_d241195